000 00296nam a2200121 a 4500
008 100917s1983|||| d
100 1 _aDrug, Štefan
245 1 0 _aDobrý deň človek...
020 _c25
044 _axo
_cSK
041 _aslo
260 _bSlovenský spisovateľ
_aBratislava
_c1983
999 _c10409
_d10409